[Event "Titled Tuesday intern op 19th Dec Early"]
[Site "Chess.com INT"]
[Date "2023.12.19"]
[Round "1"]
[White "Szalay, Karoly"]
[Black "Petersson, Kjell"]
[Result "1-0"]
[WhiteElo "2159"]
[BlackElo "2052"]
[PlyCount "39"]
[EventDate "2023.12.19"]
[EventType "swiss (blitz)"]
[EventRounds "11"]
[EventCountry "USA"]
[SourceTitle "CB52_2023"]
[SourceDate "2023.12.27"]
[SourceVersion "1"]
[SourceVersionDate "2023.12.27"]
[SourceQuality "1"]

1. e4 c5 2. Nf3 d6 3. d4 cxd4 4. Nxd4 Nf6 5. Nc3 g6 6. f3 e5 7. Nb3 Be7 8. Be3 Be6 9. Qd2 Nc6 10. 0-0-0 a6 11. Kb1 b5 12. g4 b4 13. Na4 Nd7 14. h4 f6 15. Bh3 g5 16. Bf1 Kf7 17. hxg5 fxg5 18. Rh6 Qg8 19. Rxe6 Kxe6 20. Bc4+ 1-0

[Event "Titled Tuesday intern op 29th Nov Early"]
[Site "Chess.com INT"]
[Date "2022.11.29"]
[Round "1"]
[White "Szalay, Karoly"]
[Black "Mitrovic, Darko R"]
[Result "1-0"]
[WhiteElo "2159"]
[BlackElo "2223"]
[PlyCount "53"]
[EventDate "2022.11.29"]
[EventType "swiss (blitz)"]
[EventRounds "11"]
[EventCountry "USA"]
[SourceTitle "EXT 2024"]
[Source "ChessBase"]
[SourceDate "2023.10.10"]
[SourceVersion "1"]
[SourceVersionDate "2023.10.10"]
[SourceQuality "1"]

1. e4 e6 2. d4 d5 3. Nd2 Nf6 4. e5 Nfd7 5. f4 b6 6. c3 g6 7. Bd3 a5 8. Ndf3 Ba6 9. Bc2 c5 10. Ne2 Nc6 11. Be3 b5 12. dxc5 Bxc5 13. Ned4 Nxd4 14. Nxd4 b4 15. cxb4 Bxb4+ 16. Kf2 0-0 17. h4 Nc5 18. h5 Ne4+ 19. Bxe4 dxe4 20. hxg6 hxg6 21. Qg4 Kg7 22. f5 Rh8 23. f6+ Kg8 24. Rxh8+ Kxh8 25. Rh1+ Kg8 26. Qh4 Rc8 27. Qh8# 1-0

[Event "Titled Tuesday intern op 20th Sep Early"]
[Site "Chess.com INT"]
[Date "2022.09.20"]
[Round "2"]
[White "Szalay, Karoly"]
[Black "Jaracz, Pawel"]
[Result "1-0"]
[WhiteElo "2159"]
[BlackElo "2463"]
[PlyCount "53"]
[EventDate "2022.09.20"]
[EventType "swiss (blitz)"]
[EventRounds "11"]
[EventCountry "USA"]
[SourceTitle "EXT 2023"]
[Source "ChessBase"]
[SourceDate "2022.10.05"]
[SourceVersion "1"]
[SourceVersionDate "2022.10.05"]
[SourceQuality "1"]

1. e4 e5 2. Nf3 Nc6 3. Nc3 Bb4 4. Bb5 Nge7 5. 0-0 0-0 6. d3 Bxc3 7. bxc3 d6 8. h3 h6 9. Nh4 Kh7 10. f4 exf4 11. Bxf4 Ne5 12. Qh5 f6 13. d4 N5g6 14. Nxg6 Nxg6 15. Bd2 Ne7 16. Rf3 Be6 17. Bd3 Bf7 18. Qh4 Bg6 19. Raf1 Qd7 20. Rg3 f5 21. Rgf3 fxe4 22. Rxf8 Rxf8 23. Rxf8 exd3 24. cxd3 Bxd3 25. Bxh6 gxh6 26. Rf7+ Kg8 27. Qf6 1-0

[Event "Titled Tuesday intern op 23rd Aug Early"]
[Site "Chess.com INT"]
[Date "2022.08.23"]
[Round "1"]
[White "Chigaev, Maksim"]
[Black "Szalay, Karoly"]
[Result "1-0"]
[WhiteElo "2641"]
[BlackElo "2159"]
[PlyCount "171"]
[EventDate "2022.08.23"]
[EventType "swiss (blitz)"]
[EventRounds "11"]
[EventCountry "USA"]
[SourceTitle "EXT 2023"]
[Source "ChessBase"]
[SourceDate "2022.10.05"]
[SourceVersion "1"]
[SourceVersionDate "2022.10.05"]
[SourceQuality "1"]

1. Nf3 d5 2. c4 e6 3. g3 Nf6 4. Bg2 Be7 5. 0-0 0-0 6. b3 b6 7. Bb2 Bb7 8. e3 a5 9. Nc3 Na6 10. d4 Ne4 11. cxd5 exd5 12. Rc1 Rc8 13. Ne5 Nxc3 14. Bxc3 Ba3 15. Rc2 Nb4 16. Bxb4 Bxb4 17. Nc6 Bxc6 18. Rxc6 Qd7 19. Rc2 a4 20. bxa4 Ra8 21. h4 Ra5 22. Qb1 Bd6 23. Qb3 Qe6 24. Rfc1 g6 25. Bf3 Rfa8 26. Kg2 Kg7 27. h5 g5 28. g4 R8a7 29. Qd3 Rxa4 30. h6+ Qxh6 31. Rh1 Qg6 32. Qxg6+ hxg6 33. Bxd5 Ra3 34. Rd1 c5 35. Bb3 Be7 36. dxc5 Bxc5 37. Rd5 Kf6 38. Rcd2 R3a5 39. Rd7 Be7 40. R7d4 Rc7 41. Rd1 Rac5 42. Rh1 Kg7 43. Rh3 Bf6 44. Rd1 Rc1 45. Rd6 R1c6 46. Rd3 Rc1 47. Rf3 Rb1 48. Rd6 Be5 49. Rxb6 Rb2 50. Rb5 f6 51. Rh3 Rcc2 52. Rb7+ Bc7 53. Bxc2 Rxb7 54. Bb3 Be5 55. Rh1 Bd6 56. Kf3 Bb4 57. Rd1 Rc7 58. Rd5 Bc3 59. Rb5 Be5 60. a4 Kf8 61. a5 Ra7 62. Bc4 Ke7 63. a6 Bc7 64. Rb1 f5 65. Rh1 Kf6 66. Rh7 Bb6 67. Rh1 Ke5 68. Rb1 Bc5 69. Rb5 Kd6 70. Rb3 Kc6 71. Rd3 Rh7 72. Rd1 Rh3+ 73. Kg2 Rh7 74. Bd5+ Kb6 75. Bc4 Kc6 76. Rb1 Bb6 77. Be2 f4 78. Bf3+ Kc7 79. a7 Bxa7 80. Rb7+ Kd6 81. Rxh7 Bc5 82. exf4 gxf4 83. Rg7 Ke5 84. Rxg6 Bxf2 85. Kxf2 Kd4 86. Re6 1-0

[Event "Titled Tuesday intern op 23rd Aug Early"]
[Site "Chess.com INT"]
[Date "2022.08.23"]
[Round "3"]
[White "Molina, Roberto Junio Brito"]
[Black "Szalay, Karoly"]
[Result "1-0"]
[WhiteElo "2390"]
[BlackElo "2159"]
[PlyCount "65"]
[EventDate "2022.08.23"]
[EventType "swiss (blitz)"]
[EventRounds "11"]
[EventCountry "USA"]
[SourceTitle "EXT 2023"]
[Source "ChessBase"]
[SourceDate "2022.10.05"]
[SourceVersion "1"]
[SourceVersionDate "2022.10.05"]
[SourceQuality "1"]

1. d4 d5 2. Nf3 e6 3. e3 Nf6 4. Bd3 Be7 5. 0-0 0-0 6. b3 b6 7. Bb2 c5 8. Nbd2 Bb7 9. Qe2 Nbd7 10. c4 Rc8 11. Rac1 Ne4 12. Rfd1 f5 13. cxd5 exd5 14. Ne5 Bd6 15. Ndf3 Nxe5 16. Nxe5 Qe7 17. f3 Ng5 18. f4 Ne4 19. dxc5 bxc5 20. Ba6 Bxe5 21. Bxe5 Bxa6 22. Qxa6 Rfd8 23. Rxd5 Rxd5 24. Qxc8+ Rd8 25. Qxf5 Qb7 26. h3 Rd2 27. Qe6+ Kf8 28. Qg4 h5 29. Qf3 Rf2 30. Qxh5 Rxa2 31. Qh8+ Ke7 32. Qxg7+ Ke6 33. Qxb7 1-0

[Event "Titled Tuesday intern op 16th Aug Late"]
[Site "Chess.com INT"]
[Date "2022.08.16"]
[Round "2"]
[White "Szalay, Karoly"]
[Black "Kravtsiv, Martyn"]
[Result "0-1"]
[WhiteElo "2159"]
[BlackElo "2598"]
[PlyCount "56"]
[EventDate "2022.08.16"]
[EventType "swiss (blitz)"]
[EventRounds "11"]
[EventCountry "USA"]
[SourceTitle "EXT 2023"]
[Source "ChessBase"]
[SourceDate "2022.10.05"]
[SourceVersion "1"]
[SourceVersionDate "2022.10.05"]
[SourceQuality "1"]

1. e4 e5 2. Nf3 Nc6 3. Nc3 Nf6 4. Bb5 Bd6 5. d3 0-0 6. 0-0 Re8 7. h3 h6 8. Be3 a6 9. Ba4 b5 10. Bb3 Na5 11. Ne2 Bf8 12. Qd2 Nxb3 13. axb3 d5 14. exd5 Nxd5 15. Ng3 f5 16. c4 Nb4 17. cxb5 f4 18. Bxf4 exf4 19. Qxf4 Nxd3 20. Qd2 Bb7 21. bxa6 Rxa6 22. Rxa6 Bxa6 23. Rd1 Bc5 24. Rf1 Nxf2 25. Rxf2 Qxd2 26. Nxd2 Re1+ 27. Ngf1 Bxf1 28. Nxf1 Re2 0-1

[Event "Titled Tuesday intern op 16th Aug Late"]
[Site "Chess.com INT"]
[Date "2022.08.16"]
[Round "1"]
[White "Szalay, Karoly"]
[Black "Moore, Alex M"]
[Result "1-0"]
[WhiteElo "2159"]
[BlackElo "1912"]
[PlyCount "77"]
[EventDate "2022.08.16"]
[EventType "swiss (blitz)"]
[EventRounds "11"]
[EventCountry "USA"]
[SourceTitle "EXT 2023"]
[Source "ChessBase"]
[SourceDate "2022.10.05"]
[SourceVersion "1"]
[SourceVersionDate "2022.10.05"]
[SourceQuality "1"]

1. e4 c6 2. d4 d5 3. exd5 cxd5 4. c3 Nc6 5. h3 Qc7 6. Nf3 e6 7. Bd3 Bd6 8. 0-0 Nge7 9. Na3 a6 10. Nc2 0-0 11. Re1 Rb8 12. a4 b5 13. axb5 axb5 14. b4 Ng6 15. Na3 Ba6 16. Nd2 Nce7 17. Bb2 Nf4 18. Bf1 Nf5 19. Nb3 e5 20. g3 Ng6 21. Nc5 Bxc5 22. dxc5 e4 23. Qxd5 Nxg3 24. fxg3 Qxg3+ 25. Bg2 Qxg2+ 26. Kxg2 Nf4+ 27. Kh2 Nxd5 28. Rxe4 Rfe8 29. Rae1 Kf8 30. Rxe8+ Rxe8 31. Rxe8+ Kxe8 32. c4 bxc4 33. b5 Bc8 34. Nxc4 Nc7 35. Nd6+ Kd7 36. Bxg7 Ne8 37. Nxe8 Kxe8 38. c6 Kd8 39. Be5 1-0

[Event "Titled Tuesday intern op 19th Jul Late"]
[Site "Chess.com INT"]
[Date "2022.07.19"]
[Round "2"]
[White "Preotu, Razvan"]
[Black "Szalay, Karoly"]
[Result "1-0"]
[WhiteElo "2445"]
[BlackElo "2159"]
[PlyCount "69"]
[EventDate "2022.07.19"]
[EventType "swiss (blitz)"]
[EventRounds "11"]
[EventCountry "USA"]
[SourceTitle "EXT 2023"]
[Source "ChessBase"]
[SourceDate "2022.10.05"]
[SourceVersion "1"]
[SourceVersionDate "2022.10.05"]
[SourceQuality "1"]

1. e4 e5 2. Nf3 Nc6 3. Bc4 Nf6 4. d3 a6 5. 0-0 b5 6. Bb3 Bc5 7. c3 d6 8. Re1 0-0 9. Nbd2 Be6 10. Bxe6 fxe6 11. Nf1 b4 12. d4 exd4 13. cxd4 Bb6 14. Ng3 a5 15. h3 Kh8 16. Be3 Qe8 17. Rc1 e5 18. d5 Ne7 19. Bxb6 cxb6 20. Rc7 Nd7 21. Ng5 Nc5 22. Ne6 Rf6 23. Nxc5 dxc5 24. Qg4 Ng6 25. Rd1 Rf7 26. Rxf7 Qxf7 27. d6 Rd8 28. Nf5 Qxa2 29. h4 Qe6 30. h5 a4 31. hxg6 hxg6 32. Qh4+ Kg8 33. Qxd8+ Kh7 34. Qh4+ Kg8 35. d7 1-0

[Event "Titled Tuesday intern op 03rd May Late"]
[Site "Chess.com INT"]
[Date "2022.05.03"]
[Round "2"]
[White "Szalay, Karoly"]
[Black "Tanenbaum, Zachary Chen"]
[Result "0-1"]
[WhiteElo "2159"]
[BlackElo "2148"]
[PlyCount "66"]
[EventDate "2022.05.03"]
[EventType "swiss (blitz)"]
[EventRounds "11"]
[EventCountry "USA"]
[SourceTitle "CBM 208 Extra"]
[Source "ChessBase"]
[SourceDate "2022.07.31"]
[SourceVersion "1"]
[SourceVersionDate "2022.07.31"]
[SourceQuality "1"]

1. e4 e5 2. Nf3 Nc6 3. Bb5 a6 4. Ba4 d6 5. 0-0 Nf6 6. h3 b5 7. Bb3 Na5 8. d4 exd4 9. e5 dxe5 10. Re1 Nxb3 11. axb3 Bd6 12. Nxe5 Bxe5 13. Rxe5+ Be6 14. Bg5 0-0 15. Qf3 h6 16. Bxf6 Qxf6 17. Qxf6 gxf6 18. Rc5 Ra7 19. Rxb5 axb5 20. Rxa7 c5 21. Rc7 Ra8 22. Nd2 Ra1+ 23. Kh2 Rd1 24. Ne4 c4 25. Nxf6+ Kf8 26. bxc4 bxc4 27. Ne4 Rb1 28. Rb7 c3 29. b3 Bxb3 30. Rb8+ Kg7 31. Rd8 Bxc2 32. Nc5 d3 33. Rd7 d2 0-1

[Event "Titled Tuesday intern op 03rd May Late"]
[Site "Chess.com INT"]
[Date "2022.05.03"]
[Round "1"]
[White "Yaran, Siar"]
[Black "Szalay, Karoly"]
[Result "1-0"]
[WhiteElo "2272"]
[BlackElo "2159"]
[PlyCount "141"]
[EventDate "2022.05.03"]
[EventType "swiss (blitz)"]
[EventRounds "11"]
[EventCountry "USA"]
[SourceTitle "CBM 208 Extra"]
[Source "ChessBase"]
[SourceDate "2022.07.31"]
[SourceVersion "1"]
[SourceVersionDate "2022.07.31"]
[SourceQuality "1"]

1. e4 e5 2. Nf3 Nc6 3. Bc4 Nf6 4. d3 Bc5 5. c3 d6 6. 0-0 a6 7. a4 h6 8. Re1 0-0 9. h3 Be6 10. Nbd2 Qd7 11. Bxe6 fxe6 12. Nf1 Nh5 13. Be3 Nf4 14. Bxc5 dxc5 15. Re3 Rad8 16. Qb3 Na5 17. Qa3 Qd6 18. b4 cxb4 19. Qxb4 Qxb4 20. cxb4 Nc6 21. b5 axb5 22. axb5 Nd4 23. Nxe5 Nc2 24. Ra7 Nxe3 25. Nxe3 Nxd3 26. Nxd3 Rxd3 27. Rxb7 Rb3 28. Rxc7 Rxb5 29. Rc2 Rb4 30. f3 Rd8 31. h4 Rb3 32. Kf2 Rdd3 33. Ng4 Rbc3 34. Ra2 Rc5 35. Ne3 Kh7 36. Ra6 Rcc3 37. Ng4 Rd2+ 38. Kg3 Rcc2 39. Ne3 Rc3 40. Ng4 h5 41. Ne5 Rcc2 42. Rxe6 Rxg2+ 43. Kf4 Rc8 44. Ke3 Rh2 45. Ng6 Rc1 46. f4 Re1+ 47. Kd4 Rd2+ 48. Ke5 Rd8 49. f5 Rg1 50. Re7 Kg8 51. Ke6 Ra8 52. Rd7 Rg4 53. e5 Re8+ 54. Kd5 Rg1 55. e6 Rf1 56. Ke5 Re1+ 57. Kf4 Rf1+ 58. Kg5 Ra8 59. Ne7+ Kh7 60. Kxh5 Rf8 61. Kg5 Rf6 62. Rd5 Rg1+ 63. Kf4 Rh1 64. Ng6 Rf1+ 65. Kg5 Re1 66. Rd8 Rg1+ 67. Kf4 Rgxg6 68. e7 Rh6 69. e8Q Rxh4+ 70. Kg5 Rxf5+ 71. Kxf5 1-0

[Event "Titled Tuesday intern op 26th Apr Late"]
[Site "Chess.com INT"]
[Date "2022.04.26"]
[Round "3"]
[White "Rastbod, Ali"]
[Black "Szalay, Karoly"]
[Result "1-0"]
[WhiteElo "2345"]
[BlackElo "2159"]
[PlyCount "101"]
[EventDate "2022.04.26"]
[EventType "swiss (blitz)"]
[EventRounds "11"]
[EventCountry "USA"]
[SourceTitle "CBM 208 Extra"]
[Source "ChessBase"]
[SourceDate "2022.07.31"]
[SourceVersion "1"]
[SourceVersionDate "2022.07.31"]
[SourceQuality "1"]

1. e4 e5 2. Nf3 Nc6 3. Nc3 Nf6 4. d4 exd4 5. Nxd4 Bc5 6. Be3 Bb6 7. Qd2 d6 8. 0-0-0 Bd7 9. f3 Qe7 10. g4 0-0-0 11. g5 Nh5 12. Nd5 Qf8 13. Nb5 Be6 14. Bxb6 cxb6 15. f4 Kb8 16. Be2 g6 17. Bxh5 gxh5 18. Nf6 h6 19. h4 d5 20. e5 d4 21. Nd6 Rxd6 22. exd6 Qxd6 23. Kb1 d3 24. Qxd3 Bxa2+ 25. Ka1 Qxf4 26. Qd6+ Qxd6 27. Rxd6 Be6 28. Nxh5 hxg5 29. hxg5 Kc7 30. Rd2 Rg8 31. Rg1 Ne5 32. Rf2 Ng4 33. Nf6 Rxg5 34. Nxg4 Rxg4 35. Rxg4 Bxg4 36. Rxf7+ Bd7 37. b3 Kc6 38. Kb2 b5 39. Kc3 a5 40. Rf6+ Kc7 41. Kd4 b6 42. Kd5 Be8 43. Rf8 Bc6+ 44. Ke5 a4 45. bxa4 bxa4 46. Kd4 Kd6 47. Kc4 Bd7 48. Kb4 b5 49. Rf6+ Kd5 50. Rh6 Kd4 51. Rd6+ 1-0

[Event "Titled Tuesday intern op 05th Apr Late"]
[Site "Chess.com INT"]
[Date "2022.04.05"]
[Round "2"]
[White "Szalay, Karoly"]
[Black "Mangialardo, Tiago Carvalho"]
[Result "1-0"]
[WhiteElo "2159"]
[BlackElo "1965"]
[PlyCount "83"]
[EventDate "2022.04.05"]
[EventType "swiss (blitz)"]
[EventRounds "11"]
[EventCountry "USA"]
[SourceTitle "CBM 207 Extra"]
[Source "ChessBase"]
[SourceDate "2022.05.31"]
[SourceVersion "1"]
[SourceVersionDate "2022.05.31"]
[SourceQuality "1"]

1. e4 e5 2. Nf3 Nc6 3. Nc3 Nf6 4. Bb5 d6 5. d4 exd4 6. Nxd4 Bd7 7. 0-0 Be7 8. Kh1 0-0 9. f4 a6 10. Bxc6 Bxc6 11. Qd3 Re8 12. b4 Bf8 13. Re1 Qd7 14. Bb2 Qg4 15. Qf3 Qg6 16. Nxc6 bxc6 17. Re3 Nd7 18. Rae1 Nb6 19. Qe2 Qf6 20. g3 Qd4 21. a3 Nc4 22. Rd3 Qf6 23. Ba1 a5 24. Rd4 Qxd4 25. Nd5 Nb2 26. Nxc7 Rec8 27. Nxa8 Rxa8 28. c3 Qxc3 29. Bxb2 Qb3 30. e5 axb4 31. axb4 Qxb4 32. exd6 Qxd6 33. Rd1 Qc5 34. Bd4 Qb5 35. Qe4 Qb7 36. Bc3 Rc8 37. Qf5 h6 38. Rd7 Qb8 39. Qxf7+ Kh8 40. Bxg7+ Kh7 41. Bxf8+ Kh8 42. Qg7# 1-0

[Event "Titled Tuesday intern op 01st Mar Early"]
[Site "Chess.com INT"]
[Date "2022.03.01"]
[Round "1"]
[White "Ahmadzada, Ahmad Samir"]
[Black "Szalay, Karoly"]
[Result "1-0"]
[WhiteElo "2467"]
[BlackElo "2159"]
[PlyCount "111"]
[EventDate "2022.03.01"]
[EventType "swiss (blitz)"]
[EventRounds "11"]
[EventCountry "USA"]
[SourceTitle "CBM 207 Extra"]
[Source "ChessBase"]
[SourceDate "2022.05.31"]
[SourceVersion "1"]
[SourceVersionDate "2022.05.31"]
[SourceQuality "1"]

1. Nf3 d5 2. c4 e6 3. g3 Nf6 4. Bg2 c6 5. Qc2 Be7 6. 0-0 0-0 7. d4 b6 8. Nbd2 Ba6 9. b3 Nbd7 10. Bb2 Rc8 11. e4 dxe4 12. Nxe4 c5 13. Rad1 Qc7 14. Nc3 Rfd8 15. Rfe1 Bb7 16. d5 Nf8 17. Nb5 Qb8 18. Be5 Qa8 19. Nc7 Rxc7 20. Bxc7 Rd7 21. Be5 exd5 22. Bxf6 Bxf6 23. cxd5 Bxd5 24. Nh4 Bxg2 25. Nxg2 Rxd1 26. Qxd1 Ne6 27. Qd7 h5 28. Nf4 Qf3 29. Nxe6 fxe6 30. Qxe6+ Kh8 31. Qe8+ Kh7 32. Qe4+ Qxe4 33. Rxe4 Bd4 34. Kg2 Kg6 35. f4 Kf5 36. Kf3 g5 37. fxg5 Kxg5 38. a4 Kf5 39. h3 a6 40. g4+ hxg4+ 41. hxg4+ Kf6 42. Kf4 b5 43. g5+ Kf7 44. Kf5 bxa4 45. bxa4 a5 46. g6+ Kf8 47. Rh4 Kg8 48. Ke6 Kg7 49. Rg4 Be3 50. Kd5 Bd4 51. Kc6 Bf2 52. Kb5 c4 53. Kxc4 Be1 54. Kb5 Bb4 55. Rxb4 axb4 56. Kxb4 1-0

[Event "Titled Tuesday intern op 22nd Feb Late"]
[Site "Chess.com INT"]
[Date "2022.02.22"]
[Round "2"]
[White "Szalay, Karoly"]
[Black "Guliyev, Namig"]
[Result "0-1"]
[WhiteElo "2159"]
[BlackElo "2558"]
[PlyCount "72"]
[EventDate "2022.02.22"]
[EventType "swiss (blitz)"]
[EventRounds "11"]
[EventCountry "USA"]
[SourceTitle "CBM 207 Extra"]
[Source "ChessBase"]
[SourceDate "2022.05.31"]
[SourceVersion "1"]
[SourceVersionDate "2022.05.31"]
[SourceQuality "1"]

1. e4 c5 2. Nf3 d6 3. d4 cxd4 4. Nxd4 Nf6 5. Nc3 a6 6. Bg5 e6 7. f3 Nbd7 8. Qd2 b5 9. 0-0-0 Bb7 10. h4 Rc8 11. g4 b4 12. Nce2 Qa5 13. Kb1 d5 14. Bxf6 gxf6 15. Ng3 dxe4 16. Nxe4 Bxe4 17. fxe4 Ne5 18. g5 Be7 19. Bh3 Nc4 20. Qe2 Qe5 21. Qh5 0-0 22. Rd3 Rcd8 23. Rhd1 Bc5 24. Qg4 Kh8 25. c3 bxc3 26. Rxc3 Rxd4 27. Rdc1 Nd2+ 28. Ka1 Nxe4 29. R3c2 f5 30. Qh5 Rb4 31. Bg2 Rxb2 32. Rxb2 Ba3 33. Rcc2 Rb8 34. Qe2 Bxb2+ 35. Rxb2 Qc3 36. Kb1 Nd2+ 0-1

[Event "CAN-chT University"]
[Site "Montreal"]
[Date "2013.01.13"]
[Round "4"]
[White "Cousin, Emmanuel"]
[Black "Szalay, Karoly"]
[Result "0-1"]
[WhiteElo "1818"]
[BlackElo "2371"]
[PlyCount "52"]
[EventDate "2013.01.12"]
[EventType "swiss"]
[EventRounds "5"]
[EventCountry "CAN"]
[SourceTitle "EXT 2014"]
[Source "ChessBase"]
[SourceDate "2013.11.20"]
[SourceVersion "1"]
[SourceVersionDate "2013.11.20"]
[SourceQuality "1"]

1. b3 d5 2. Bb2 Nf6 3. e3 e6 4. Nf3 Be7 5. Be2 0-0 6. c4 b6 7. 0-0 Bb7 8. d4 Ne4 9. Nc3 f5 10. Ne5 Nd7 11. f4 c5 12. Rc1 cxd4 13. exd4 Nxe5 14. fxe5 Bg5 15. Rc2 Be3+ 16. Kh1 Nf2+ 17. Rxf2 Bxf2 18. cxd5 Qh4 19. Nb5 Bxd5 20. Bf3 Rac8 21. Rxc8 Rxc8 22. Bxd5 exd5 23. Qf3 Qe4 24. Qd1 Qc2 25. Qa1 Be3 26. Nxa7 Bc1 0-1

[Event "CAN-ch U18"]
[Site "Toronto"]
[Date "2012.12.26"]
[Round "4"]
[White "Szalay, Karoly"]
[Black "Chiku Ratte, Olivier Kenta"]
[Result "1/2-1/2"]
[WhiteElo "2159"]
[BlackElo "2064"]
[PlyCount "139"]
[EventDate "2012.12.26"]
[EventType "tourn"]
[EventRounds "9"]
[EventCountry "CAN"]
[SourceTitle "CBM 152 Extra"]
[Source "ChessBase"]
[SourceDate "2013.02.25"]
[SourceVersion "1"]
[SourceVersionDate "2013.02.25"]
[SourceQuality "1"]

1. e4 c5 2. Nf3 d6 3. d4 cxd4 4. Nxd4 Nf6 5. Nc3 g6 6. Be3 Bg7 7. f3 Nc6 8. Qd2 0-0 9. g4 Be6 10. 0-0-0 Nxd4 11. Bxd4 Qa5 12. a3 Rfc8 13. h4 Rab8 14. h5 b5 15. hxg6 hxg6 16. g5 Nh5 17. Bxg7 Kxg7 18. Bh3 Rc5 19. Qd4+ Kg8 20. Bxe6 fxe6 21. Na2 Qa4 22. Qd3 Qc4 23. Nb4 Qxd3 24. Nxd3 Rxg5 25. f4 Rg3 26. f5 e5 27. Nb4 Nf4 28. Nc6 Rb7 29. f6 exf6 30. Rxd6 Nh5 31. Re1 Kg7 32. Nb4 Rf7 33. Nd3 g5 34. Kd2 Nf4 35. Rf1 Nxd3 36. cxd3 Rg2+ 37. Kc3 g4 38. d4 exd4+ 39. Rxd4 Rc7+ 40. Kd3 Rxb2 41. e5 Rb3+ 42. Kd2 Rg3 43. e6 Rg2+ 44. Kd1 Rc6 45. Re1 Rc8 46. Rd7+ Kg6 47. Rxa7 g3 48. Re3 Rd8+ 49. Ke1 Kf5 50. Rd7 Re8 51. Kf1 Rf2+ 52. Kg1 Rxe6 53. Rxg3 Rb2 54. Rg2 Rb3 55. Rf2+ Ke4 56. Re2+ Re3 57. Rb2 Re5 58. Rb7 Rg5+ 59. Kh2 Rxa3 60. R7xb5 Rxb5 61. Rxb5 f5 62. Kg2 Ra2+ 63. Kf1 f4 64. Rb3 Kf5 65. Rc3 Kg4 66. Rb3 Rh2 67. Kg1 Re2 68. Kf1 Ra2 69. Rc3 Rh2 70. Kg1 1/2-1/2

[Event "CAN-ch U18"]
[Site "Toronto"]
[Date "2012.12.26"]
[Round "7"]
[White "Szalay, Karoly"]
[Black "Kleinman, Michael"]
[Result "1/2-1/2"]
[WhiteElo "2159"]
[BlackElo "2307"]
[PlyCount "24"]
[EventDate "2012.12.26"]
[EventType "tourn"]
[EventRounds "9"]
[EventCountry "CAN"]
[SourceTitle "CBM 152 Extra"]
[Source "ChessBase"]
[SourceDate "2013.02.25"]
[SourceVersion "1"]
[SourceVersionDate "2013.02.25"]
[SourceQuality "1"]

1. e4 c5 2. Nf3 e6 3. d4 cxd4 4. Nxd4 Nc6 5. c4 Nf6 6. Nc3 Bb4 7. f3 d5 8. cxd5 exd5 9. Qa4 Qa5 10. Qxa5 Bxa5 11. Nxc6 bxc6 12. Bd2 0-0 1/2-1/2

[Event "Ottawa RA Spring op"]
[Site "Ottawa"]
[Date "2010.03.07"]
[Round "4"]
[White "Sambuev, Bator"]
[Black "Szalay, Karoly"]
[Result "1-0"]
[WhiteElo "2610"]
[BlackElo "2356"]
[PlyCount "53"]
[EventDate "2010.03.05"]
[EventType "swiss"]
[EventRounds "5"]
[EventCountry "CAN"]
[SourceTitle "EXT 2022"]
[Source "ChessBase"]
[SourceDate "2021.10.06"]
[SourceVersion "1"]
[SourceVersionDate "2021.10.06"]
[SourceQuality "1"]

1. d4 d5 2. c4 e6 3. Nc3 c6 4. Nf3 Nf6 5. Bg5 dxc4 6. e4 b5 7. e5 h6 8. Bh4 g5 9. Nxg5 hxg5 10. Bxg5 Nbd7 11. exf6 Bh6 12. Bxh6 Rxh6 13. g3 Bb7 14. Bg2 Qc7 15. Qd2 Rg6 16. 0-0 0-0-0 17. a4 a6 18. axb5 cxb5 19. Nxb5 axb5 20. Ra7 Nc5 21. Qb4 Rxd4 22. Bxb7+ Nxb7 23. Ra8+ Qb8 24. Rxb8+ Kxb8 25. Qxb5 Rd5 26. Qe8+ Nd8 27. Qe7 1-0

[Event "Wch U16"]
[Site "Kemer"]
[Date "2009.11.20"]
[Round "9"]
[White "Bolat, Ahmet"]
[Black "Szalay, Karoly"]
[Result "0-1"]
[WhiteElo "1938"]
[BlackElo "2128"]
[PlyCount "74"]
[EventDate "2009.11.12"]
[EventType "swiss"]
[EventRounds "11"]
[EventCountry "TUR"]
[SourceTitle "EXT 2010"]
[Source "ChessBase"]
[SourceDate "2010.11.25"]
[SourceVersion "1"]
[SourceVersionDate "2010.11.25"]
[SourceQuality "1"]

1. c4 e6 2. Nc3 d5 3. d4 c6 4. cxd5 exd5 5. Nf3 Bf5 6. g3 Nf6 7. Bg2 Bd6 8. Bf4 Bxf4 9. gxf4 Qb6 10. Qb3 h6 11. e3 0-0 12. Nd2 Nbd7 13. Rc1 Rfe8 14. 0-0 Bh7 15. Bf3 g5 16. fxg5 hxg5 17. Kh1 Kh8 18. Rg1 Rg8 19. Rg2 Qxb3 20. Nxb3 g4 21. Be2 Ne4 22. Kg1 Ndf6 23. Nxe4 Bxe4 24. Rg3 Nh5 25. Nc5 Nxg3 26. fxg3 Rg7 27. Nxb7 Rb8 28. Ba6 f5 29. Rxc6 Rbxb7 30. Bxb7 Rxb7 31. b3 Kg7 32. Rc1 Kf7 33. Kf1 Ke8 34. Ke1 Rh7 35. Rc8+ Kd7 36. Ra8 Kc6 37. a3 Kb7 0-1

[Event "Wch U16"]
[Site "Kemer"]
[Date "2009.11.16"]
[Round "6"]
[White "Szalay, Karoly"]
[Black "Priyadharshan, Kannappan"]
[Result "0-1"]
[WhiteElo "2128"]
[BlackElo "2343"]
[PlyCount "62"]
[EventDate "2009.11.12"]
[EventType "swiss"]
[EventRounds "11"]
[EventCountry "TUR"]
[SourceTitle "EXT 2010"]
[Source "ChessBase"]
[SourceDate "2010.11.25"]
[SourceVersion "1"]
[SourceVersionDate "2010.11.25"]
[SourceQuality "1"]

1. e4 e5 2. Nf3 Nc6 3. Bb5 Nf6 4. 0-0 Nxe4 5. d4 Nd6 6. Bxc6 dxc6 7. dxe5 Nf5 8. Qxd8+ Kxd8 9. Nc3 Ne7 10. Bg5 h6 11. Bh4 Ke8 12. Rad1 Bg4 13. h3 Bxf3 14. gxf3 Nf5 15. Bg3 Ke7 16. Rd3 Ke6 17. Rfd1 Be7 18. Ne2 g5 19. f4 Rad8 20. Kg2 Rd5 21. Kf3 Rhd8 22. Ke4 Bc5 23. fxg5 Nxg3+ 24. Nxg3 hxg5 25. f4 gxf4 26. Nf1 Rxe5+ 27. Kxf4 Bd6 28. Kf3 Rh8 29. Kg2 Re2+ 30. Kg1 Rg8+ 31. Kh1 Rgg2 0-1

[Event "Gatineau Maisonneuve Memorial"]
[Site "Gatineau"]
[Date "2009.10.20"]
[Round "2"]
[White "Szalay, Karoly"]
[Black "Scantland, Patrick"]
[Result "1-0"]
[WhiteElo "2193"]
[BlackElo "1751"]
[PlyCount "51"]
[EventDate "2009.10.13"]
[EventType "swiss"]
[EventRounds "5"]
[EventCountry "CAN"]
[SourceTitle "EXT 2011"]
[Source "ChessBase"]
[SourceDate "2010.11.26"]
[SourceVersion "1"]
[SourceVersionDate "2010.11.26"]
[SourceQuality "1"]

1. e4 c5 2. Nf3 d6 3. d4 cxd4 4. Nxd4 Nf6 5. Nc3 a6 6. Bg5 e6 7. f3 Nbd7 8. Qd2 h6 9. Be3 b5 10. 0-0-0 Bb7 11. a3 Rc8 12. g4 Ne5 13. g5 hxg5 14. Bxg5 Be7 15. Rg1 g6 16. h4 Qa5 17. f4 Nc4 18. Bxc4 Rxc4 19. e5 Rxc3 20. exf6 Rxa3 21. bxa3 Qxa3+ 22. Kb1 Bd5 23. Nb3 Bd8 24. Qc3 0-0 25. h5 Ba5 26. Qxa5 1-0